000 00543nam a2200217Ia 4500
003 OSt
005 20220928142956.0
006 a|||||r|||| 00| 0
007 ta
008 220927b |||||||| |||| 00| 0 eng d
024 _a20333
037 _cTextual
040 _aSDCL
_cSDCL
_beng
041 _2eng
_aeng
082 _aP152:3, N2
100 _aKapur Badarenath
_9504046
245 0 _aHindi vayakaran ke saral padhati.
260 _c1992
942 _hP152:3, N2
_cTEXL
_2CC
999 _c822466
_d822466